| 000 | 00377nam a22001577a 4500 | ||
|---|---|---|---|
| 003 | LK-CoDNM | ||
| 005 | 20240828113610.0 | ||
| 008 | 240828b |||||||| |||| 00| 0 eng d | ||
| 040 |
_aLK-CoDNM _dLK-CoDNM _eLK-CoDNM |
||
| 080 |
_a22 _bS24 |
||
| 100 | _aGURUGE ANANDA | ||
| 245 | _aTHE SOCIETY OF RAMAYANA | ||
| 260 | _bSAMAN PRESS | ||
| 300 | _a350P. , 27 CM | ||
| 942 | _cBK | ||
| 999 |
_c149741 _d149741 |
||